000 00521nam a22001937a 4500
005 20260511123949.0
008 260511b |||||||| |||| 00| 0 eng d
037 _cDSWL
040 _aDSWL
_cDSWL
041 _heng
084 _aYX Q8
100 _aEwijk, Hans Van
_91238964
245 _aComplexity and social work
260 _aLondon,
_bRoutledge Publication,
_c2018
300 _a171p
365 _aGBP
_b29.99
942 _2CC
_cTEXL
_hYX Q8
_n0
999 _c1851175
_d1851175